000 00642nam a22002057a 4500
005 20100806152911.0
010 _aENG-98641
020 _a8190786083
_c75.00
035 _aEN-82173
037 _bDBAD/PUB
082 _a531
100 _aBuvaneswari, R.
_98373
245 _aMechanics /
_cby R. Buvaneswari
260 _aChennai
_bArul Pathippagam
_c2009
270 _a66, Periyar Street, M.G.R. Nagar
_bChennai
_e600078
300 _a103p.
_c20cm (pbk)
650 _aMechanics
_98374
942 _2ddc
_cEN
_h531
_mBUV
999 _c39861
_d39861